A new deal for Asia / (Record no. 1642)
[ view plain ]
| 000 -LEADER | |
|---|---|
| fixed length control field | nam a22 a 4500 |
| 003 - CONTROL NUMBER IDENTIFIER | |
| control field | AKMAL |
| 005 - DATE AND TIME OF LATEST TRANSACTION | |
| control field | 20170511113347.0 |
| 008 - FIXED-LENGTH DATA ELEMENTS--GENERAL INFORMATION | |
| fixed length control field | 170511s1999 my i 001 eng d |
| 020 ## - INTERNATIONAL STANDARD BOOK NUMBER | |
| International Standard Book Number | 9679786978 (pbk.) : |
| Terms of availability | RM25.00 |
| 040 ## - CATALOGING SOURCE | |
| Original cataloging agency | AKMAL |
| Transcribing agency | AKMAL |
| 082 04 - DEWEY DECIMAL CLASSIFICATION NUMBER | |
| Classification number | 330.95 MAH |
| Edition number | 22 |
| 090 00 - LOCALLY ASSIGNED LC-TYPE CALL NUMBER (OCLC); LOCAL CALL NUMBER (RLIN) | |
| Classification number (OCLC) (R) ; Classification number, CALL (RLIN) (NR) | 330.95 |
| Local cutter number (OCLC) ; Book number/undivided call number, CALL (RLIN) | MAH |
| 100 0# - MAIN ENTRY--PERSONAL NAME | |
| Personal name | Mahathir Mohamad, |
| Titles and words associated with a name | Tun, |
| Dates associated with a name | 1925- |
| 9 (RLIN) | 41 |
| 245 12 - TITLE STATEMENT | |
| Title | A new deal for Asia / |
| Statement of responsibility, etc. | Mahathir Mohamad |
| 260 00 - PUBLICATION, DISTRIBUTION, ETC. | |
| Place of publication, distribution, etc. | Subang Jaya : |
| Name of publisher, distributor, etc. | Pelanduk Publications , |
| Date of publication, distribution, etc. | 1999 |
| 300 00 - PHYSICAL DESCRIPTION | |
| Extent | 155p. ; |
| Dimensions | 22cm. |
| 500 ## - GENERAL NOTE | |
| General note | Includes index |
| 651 #0 - SUBJECT ADDED ENTRY--GEOGRAPHIC NAME | |
| Geographic name | Asia |
| General subdivision | Economic conditions |
| Chronological subdivision | 1945- |
| 9 (RLIN) | 2998 |
| 651 #0 - SUBJECT ADDED ENTRY--GEOGRAPHIC NAME | |
| Geographic name | Asia |
| General subdivision | Economic policy |
| Chronological subdivision | 1945- |
| 9 (RLIN) | 3345 |
| 651 #0 - SUBJECT ADDED ENTRY--GEOGRAPHIC NAME | |
| Geographic name | Asia |
| General subdivision | Politics and government |
| Chronological subdivision | 1945- |
| 9 (RLIN) | 3346 |
| 651 #0 - SUBJECT ADDED ENTRY--GEOGRAPHIC NAME | |
| Geographic name | Asia |
| General subdivision | Foreign economic relations |
| 9 (RLIN) | 93 |
| 942 ## - ADDED ENTRY ELEMENTS (KOHA) | |
| Source of classification or shelving scheme | |
| Koha item type | Book |
| Withdrawn status | Lost status | Source of classification or shelving scheme | Damaged status | Not for loan | Collection code | Home library | Current library | Shelving location | Date acquired | Inventory number | Total Checkouts | Full call number | Barcode | Date last seen | Price effective from | Koha item type |
|---|---|---|---|---|---|---|---|---|---|---|---|---|---|---|---|---|
| NON-FICTION | AKMAL Melaka | AKMAL Melaka | PINJAMAN | 11.05.2017 | 303104 | 330.95 MAH | 201705572 | 11.05.2017 | 11.05.2017 | Book |
